Fast Typing: ABCs and 123s - Statistics

General Stats
  • This quiz has been taken 2,330 times
  • The average score is 27 of 36
Answer Stats
Answer % Correct
A
94%
E
90%
D
89%
B
88%
C
88%
F
86%
G
85%
H
85%
I
85%
J
83%
K
81%
L
80%
O
80%
Q
79%
M
77%
P
77%
N
76%
R
76%
S
74%
T
74%
U
73%
W
72%
1
71%
2
70%
3
69%
4
68%
V
67%
Y
67%
5
66%
6
65%
7
65%
X
65%
8
64%
Z
64%
9
62%
10
52%
No matching quizzes found
Score Distribution
Percent of People with Each Score
Percentile by Number Answered
Your Score History
You have not taken this quiz